|
|
|
|
| LEADER |
00000aam a2200000 i 4500 |
| 001 |
84985 |
| 003 |
CZ-ZlUTB |
| 005 |
20240829160946.0 |
| 007 |
ta |
| 008 |
160322s2016 xr a e p 000 0 cze |
| 015 |
|
|
|a cnb002785803
|
| 020 |
|
|
|a 9788024521350
|q (brožováno)
|
| 040 |
|
|
|a BOA001
|b cze
|d ZLD002
|e rda
|
| 072 |
|
7 |
|a 005
|x Management. Řízení
|2 Konspekt
|9 4
|
| 072 |
|
7 |
|a 37.016
|x Učební osnovy. Vyučovací předměty. Učebnice
|2 Konspekt
|9 22
|
| 080 |
|
|
|a 005.311.6
|2 MRF
|
| 080 |
|
|
|a 004-027.22
|2 MRF
|
| 080 |
|
|
|a (075.8)
|2 MRF
|
| 100 |
1 |
|
|a Fotr, Jiří,
|d 1938-
|7 jn19981001221
|4 aut
|
| 245 |
1 |
0 |
|a Počítačová podpora manažerského rozhodování /
|c Jiří Fotr, Jiří Hájek, Lucie Vrbová
|
| 250 |
|
|
|a Vydání první
|
| 264 |
|
1 |
|a Praha :
|b Oeconomica,
|c 2016
|
| 300 |
|
|
|a 183 stran :
|b ilustrace ;
|c 30 cm
|
| 336 |
|
|
|a text
|b txt
|2 rdacontent
|
| 337 |
|
|
|a bez média
|b n
|2 rdamedia
|
| 338 |
|
|
|a svazek
|b nc
|2 rdacarrier
|
| 490 |
1 |
|
|a Vysokoškolská skripta
|
| 500 |
|
|
|a Nad názvem: Vysoká škola ekonomická v Praze, katedra managementu
|
| 504 |
|
|
|a Obsahuje bibliografie
|
| 521 |
8 |
|
|a Doporučeno pro magisterské studium na VŠE v Praze
|
| 650 |
0 |
7 |
|a rozhodování
|7 ph125259
|2 czenas
|
| 650 |
0 |
7 |
|a počítačová podpora
|7 ph218890
|2 czenas
|
| 650 |
0 |
9 |
|a decision making
|2 eczenas
|
| 650 |
0 |
9 |
|a computer aid
|2 eczenas
|
| 655 |
|
7 |
|a učebnice vysokých škol
|7 fd133772
|2 czenas
|
| 655 |
|
9 |
|a textbooks (higher)
|2 eczenas
|
| 700 |
1 |
|
|a Hájek, Jiří
|7 vse2016906488
|4 aut
|
| 700 |
1 |
|
|a Vrbová, Lucie
|7 mzk2010605542
|4 aut
|
| 710 |
2 |
|
|a Vysoká škola ekonomická v Praze.
|b Katedra managementu
|7 olak2004225784
|4 pbl
|
| 810 |
2 |
|
|a Vysoká škola ekonomická v Praze.
|t Vysokoškolská skripta
|
| 910 |
|
|
|a ZLD002
|
| 952 |
|
|
|0 0
|1 0
|4 0
|6 S005FOTRJ
|7 0
|8 BOOK
|9 138897
|a UTBZL
|b UTBZL
|c 037
|d 2016-04-18
|l 0
|o S005/FOTR,J.
|p 420010165844
|r 2019-08-26 00:00:00
|v 302.00
|w 2019-08-26
|x N:nákup, | 20100831
|y 01
|
| 992 |
|
|
|a BK
|b SK
|
| 998 |
|
|
|a 006967638
|
| 999 |
|
|
|c 84985
|d 84985
|